Statistiques concernant Animaux sur les drapeaux des pays

Cliquez ici pour prendre le quiz!

Statistiques générales

  • Ce quiz a été pris 431 fois
  • Le résultat moyen est 4 sur 10

Statistiques - réponses

PaysAnimal% Correct
Mexique, Égypte, AlbanieAigle
98%
Espagne, Sri LankaLion
75%
BhoutanDragon
66%
MexiqueSerpent
44%
AndorreVache
27%
PérouVigogne
27%
ÉquateurCondor
25%
OugandaGrue
16%
GuatemalaQuetzal
9%
FidjiColombe
7%

Distribution des résultats

Percentile par nombre de réponses

% des personnes avec chaque résultat

Votre développement - résultats

Vous n’avez pas pris ce quiz